Participación familiar en la resolución de conflictos en el liceo Francisco Henríquez y Carvajal, en la tanda matutina del Distrito Educativo 16-01 de Cotuí, en el año escolar 2014-2015 / Milagros Altagracia Rosario Rojas, Alexandra Otáñez Gálvez y Lucia Iliana Pérez. ; asesor Fior D'Aliza Báez. (Registro nro. 18032)

Detalles MARC
000 -LEADER
fixed length control field 01254nam a22002411a 4500
001 - CONTROL NUMBER
control field 18032
003 - CONTROL NUMBER IDENTIFIER
control field OSt
005 - DATE AND TIME OF LATEST TRANSACTION
control field 20260204212346.0
008 - FIXED-LENGTH DATA ELEMENTS--GENERAL INFORMATION
fixed length control field 170222s2015||||dr ||||||b||||||||||spa||
090 ## - LOCALLY ASSIGNED LC-TYPE CALL NUMBER (OCLC); LOCAL CALL NUMBER (RLIN)
Classification number (OCLC) (R) ; Classification number, CALL (RLIN) (NR) EDU-OR 2015 R67
100 1# - ASIENTO PRINCIPAL -- NOMBRE PERSONAL
Personal name Rosario Rojas, Milagros Altagracia
Relator term sustentante
245 1# - TÍTULO PROPIAMENTE DICHO: SUBTÍTULO
Title Participación familiar en la resolución de conflictos en el liceo Francisco Henríquez y Carvajal, en la tanda matutina del Distrito Educativo 16-01 de Cotuí, en el año escolar 2014-2015 / Milagros Altagracia Rosario Rojas, Alexandra Otáñez Gálvez y Lucia Iliana Pérez. ; asesor Fior D'Aliza Báez.
260 ## - PUBLICATION, DISTRIBUTION, ETC.
Place of publication, distribution, etc. Cotuí, República Dominicana :
Name of publisher, distributor, etc. UTECO,
Date of publication, distribution, etc. 2015
300 ## - PHYSICAL DESCRIPTION
Extensión 69 hojas :
Other physical details Ilustraciones ;
Dimensions 28cm.
502 ## - THESIS NOTE
Dissertation note Trabajo de grado (Licenciatura en Educación, Mención Orientación Escolar)--Universidad Tecnológica del Cibao Oriental, 2015
504 ## - BIBLIOGRAPHY, ETC. NOTE
Bibliography, etc. note Incluye referencia bibliográfica e índice<br/>
650 #4 - ASIENTO SECUNDARIO DE MATERIA -- TERMINO TOPICO
Asiento secundario de materia Participación familiar en la resolución de conflictos
700 1# - ASIENTO SECUNDARIO -- NOMBRE PERSONAL
Personal name Otáñez Gálvez, Alexandra
Relator term sustetante
700 1# - ASIENTO SECUNDARIO -- NOMBRE PERSONAL
Personal name Iliana Pérez, Lucia
Relator term sustentante
700 1# - ASIENTO SECUNDARIO -- NOMBRE PERSONAL
Personal name Aliza Báez, Fior D'
Relator term asesor
830 ## - ASIENTO SECUNDARIO DE SERIE - TÍTULO UNIFORME
Uniform title Tesis y disertaciones académicas (Universidad Tecnológica del Cibao Oriental)
942 ## - ADDED ENTRY ELEMENTS (KOHA)
Source of classification or shelving scheme Clasificación Local
Koha item type Tesis
Existencias
Withdrawn status Lost status Source of classification or shelving scheme Damaged status Not for loan Collection code Home library Current library Shelving location Date acquired Inventory number Full call number Barcode Date last seen Copy number Price effective from Koha item type
    Clasificación Local   Préstamo Interno Trabajos de Grado e Investigación   Biblioteca UTECO En Estantería 09/09/2019 ET-2015-048 EDU-OR 2015 R67 ET-2015-048 09/09/2019 Ej.1 09/09/2019 Tesis
© 2021 Derechos Reservados UTECO - Teléfono: +1 809-585-2291 - Correo electrónico: biblioteca@uteco.edu.do​  
Código postal 43000 ​​
Dirección: Avenida Universitaria No. 100, 
Cotuí, Provincia Sánchez Ramírez, República Dominicana - RNC: 404-00059-6